000 00492nam a2200193Ia 4500
005 20230804112428.0
008 131103s9999 xx 000 0 und d
020 _a552119792
040 _aLoreto College
041 _aEnglish
082 _aF
_bFOR
100 _aForsyth,Frederick
245 _aNo comebacks
_b collected short stories
_cFrederick Forsyth
260 _aLondon
_bCorgi Books
_c1972
300 _a256 p.
650 _aFiction in English
850 _aLCLIB
942 _cBK
999 _c14479
_d64958